UM Logo

Foundation course for broadcast technician / (Record no. 17787)

MARC details
000 -LEADER
fixed length control field 00555nam a2200169 4500
005 - DATE AND TIME OF LATEST TRANSACTION
control field 20250921062524.0
008 - FIXED-LENGTH DATA ELEMENTS--GENERAL INFORMATION
fixed length control field 221221b ||||| |||| 00| 0 eng d
020 ## - INTERNATIONAL STANDARD BOOK NUMBER
International Standard Book Number 9781984646651
082 ## - DEWEY DECIMAL CLASSIFICATION NUMBER
Edition number 2021
Classification number DC 384.54
Item number T413
245 ## - TITLE STATEMENT
Title Foundation course for broadcast technician /
Statement of responsibility, etc. 3G E-Learning.
260 ## - PUBLICATION, DISTRIBUTION, ETC. (IMPRINT)
Place of publication, distribution, etc. New York :
Name of publisher, distributor, etc. 3G E-Learning,
Date of publication, distribution, etc. ©2021.
300 ## - PHYSICAL DESCRIPTION
Extent xiv, 347 pages :
Other physical details illustrations ;
Dimensions 25 cm.
500 ## - GENERAL NOTE
General note Includes bibliographical references and index.<br/>
650 ## - SUBJECT ADDED ENTRY--TOPICAL TERM
Topical term or geographic name as entry element Broadcasting.
9 (RLIN) 47246
710 ## - ADDED ENTRY--CORPORATE NAME
Corporate name or jurisdiction name as entry element 3G E-Learning.
9 (RLIN) 33636
942 ## - ADDED ENTRY ELEMENTS (KOHA)
Source of classification or shelving scheme Dewey Decimal Classification
Koha item type Circulation
Holdings
Withdrawn status Lost status Source of classification or shelving scheme Damaged status Not for loan Collection code Home library Current library Date acquired Source of acquisition Cost, normal purchase price Total Checkouts Full call number Barcode Date last seen Price effective from Koha item type
    Dewey Decimal Classification     Circulation UM Digos College - LIC UM Digos College - LIC 08/16/2022 Purchased 4575.00   DC 384.54 T413 2021 27175 05/15/2025 12/21/2022 Circulation